000 00365nam a2200157Ia 4500
003 OSt
005 20240109151542.0
008 170523s9999 xx 000 0 und d
020 _a9788131607718
040 _cIIMT UNIVERSITY
100 _aCATEORA- GRAHAM
245 0 _aINTERNATIONAL MARKETING
260 _bTATA MC GRAW HILL
260 _c2004
942 _2ddc
_c02
999 _c1301
_d1301